Statistics for Atlético Madrid 2017/18 Squad

Click here to take the quiz!

General Stats

  • This quiz has been taken 131 times
    (113 since last reset)
  • The average score is 16 of 22

Answer Stats

Jersey #NationalityPositionPlayer Name% Correct
13SloveniaGKJan Oblak
99%
7FranceSTAntoine Griezmann
96%
2UruguayCBDiego Godín
95%
6SpainCMKoke
91%
10BelgiumLMYannick Carrasco
91%
11ArgentinaSTÁngel Correa
90%
3BrazilLBFilipe Luis
89%
5GhanaCDMThomas Partey
88%
8SpainRMSaúl Ñíguez
87%
15MontenegroCBStefan Savić
85%
24UruguayCBJ.M. Giménez
84%
14SpainCMGabi
75%
9SpainSTFernando Torres
72%
20SpainRBJuanfran
68%
19FranceCBLucas Hernandez
66%
1SpainGKMiguel Ángel Moyà
65%
16CroatiaRBŠime Vrsaljko
64%
21FranceSTKevin Gameiro
58%
22ArgentinaLMNico Gaitán
43%
17ArgentinaSTLuciano Vietto
42%
12ArgentinaCMAugusto Fernandez
40%
25ArgentinaGKAxel Werner
27%

Score Distribution

Percentile by Number Answered

Percent of People with Each Score

Your Score History

You have not taken this quiz since the last reset